00474cam a22001931 4500001000800000005001700008008004100025010001700066035001900083040001800102041000800120042001200128080001500140082001500155100000700170101000800177245006500185504003000250877984420180216035652.0750108s1939 xx 000 0 eng  a 39016636  a(OCoLC)1134067 aDLCcMNSdDLC aeng apremarc a611.8 wat a611.8 wat1 a6+ aana14aThe anatomy of the nervous systemcby Stephen Walter Ranson. aBibliography: p. 477-488.